000 00701nam a2200289Ia 4500
005 20260324125426.0
008 008 260324s9999 xx 000 0 eng d
020 _a9781315250083
037 _aEBOOK
040 _aCRL
040 _beng
040 _cCRL
041 _2eng
041 _aeng
084 _qCRL
100 _aTrevor Johnson
_91177934
245 0 _aMagistrates, Madonnas and Miracles
245 4 _bThe Counter Reformation in the Upper Palatinate
260 _bTaylor and Francis
260 _c2009
365 _a
365 _b255
856 _uhttp://www.taylorfrancis.com/books/9781315250083
942 _cEBOOK
999 _c1773182
_d1773182